Teaching strategies in livelihood and vocational education today (Record no. 98863)

MARC details
000 -LEADER
fixed length control field 00648nam a22002297i 4500
003 - CONTROL NUMBER IDENTIFIER
control field URS
005 - DATE AND TIME OF LATEST TRANSACTION
control field 20260224134827.0
008 - FIXED-LENGTH DATA ELEMENTS--GENERAL INFORMATION
fixed length control field 181206s2003 -ph||||| |||| 00| 0 eng d
020 ## - INTERNATIONAL STANDARD BOOK NUMBER
International Standard Book Number 971-23-3491-0
040 ## - CATALOGING SOURCE
Transcribing agency URS
Modifying agency URS
050 14 - LIBRARY OF CONGRESS CALL NUMBER
Classification number LC 1047.P6
Item number D134 2003
082 ## - DEWEY DECIMAL CLASSIFICATION NUMBER
Classification number TX 943
Item number D134
100 ## - MAIN ENTRY--PERSONAL NAME
Personal name Dagoon, Jesse D.
245 ## - TITLE STATEMENT
Title Teaching strategies in livelihood and vocational education today
264 #1 - PRODUCTION, PUBLICATION, DISTRIBUTION, MANUFACTURE, AND COPYRIGHT NOTICE
Place of production, publication, distribution, manufacture Manila
Name of producer, publisher, distributor, manufacturer Rex Book Store
Date of production, publication, distribution, manufacture, or copyright notice 2003.
300 ## - PHYSICAL DESCRIPTION
Extent xiv, 391 p.
Other physical details col. ill.; 22 cm.
336 ## - CONTENT TYPE
Content type term text
Content type code txt
Source rdacontent
337 ## - MEDIA TYPE
Media type term unmediated
Media type code n
Source rdamedia
338 ## - CARRIER TYPE
Carrier type term volume
Carrier type code nc
Source rdacarrier
650 ## - SUBJECT ADDED ENTRY--TOPICAL TERM
Topical term or geographic name entry element Education
942 ## - ADDED ENTRY ELEMENTS (KOHA)
Koha item type Filipiniana
Source of classification or shelving scheme Library of Congress Classification
Holdings
Withdrawn status Source of classification or shelving scheme Damaged status Not for loan Collection code Home library Current library Shelving location Date acquired Total Checkouts Full call number Barcode Date last seen Date last checked out Price effective from Koha item type
  Library of Congress Classification     Non-fiction Tanay College Library Tanay College Library Filipiniana Section 11/29/2017 1 LC 1047.P6 D134 2003 URSTAN-N3841 07/10/2023 05/30/2023 11/29/2017 Filipiniana

University of Rizal System
Email us at univlibservices@urs.edu.ph

Visit our Website www.urs.edu.ph/library